000 01372nam0a2200313 4500
001 RU\NLR\bibl\53874
005 20260406065558.0
010 _a5-88527-210-7
_95000
021 _aRU
_b99-7143п
_9243п
035 _a(NLR Aleph) 000052571
090 _a282441
_c282441
100 _a19991020d1999 |||y0rusy50 ca
101 0 _arus
102 _aRU
105 _ay |||||||||
200 1 _aИнформатика и информационные технологии
_eПример. поуроч. планирование с применением интерактив. средств обучения
_fН.Д. Угринович, Д.В. Новенко
210 _aМ.
_cШк.-Пресс
_d1999
215 _a47, [1] с.
_d20
225 1 _aБиблиотека журнала "Математика в школе"
_vВып. 10
606 0 _aИнформатика
_xПреподавание
_xСредняя школа
_92074532
_3RU\NLR\auth\661249536
686 _aЧ426.29
700 1 _4070
_8rus
_7ca
_aУгринович
_bН.Д.
_gНиколай Дмитриевич
_3RU\NLR\auth\7725581
_98628
701 1 _aНовенко
_bД. В.
_gДмитрий Васильевич
_4070
801 0 _aRU
_bNLR
_c19991020
_gPSBO
801 1 _aRU
_bNLR
_c19991020
852 _aNLR
_j99-4/6947
942 _cBOOK
980 _aNB